| 000 | 00000nam##2200000za#4500 |
| 001 | 9.578682 |
| 003 | CaOODSP |
| 005 | 20210624190213 |
| 007 | cr ||||||||||| |
| 008 | 150406|2005||||xxc|||||o f|0| 0 eng|d |
| 040 | |aCaOODSP|beng |
| 043 | |an-cn--- |
| 086 | 1 |aFs3-5/2005-04E-PDF |
| 110 | 1 |aCanada. |bDepartment of Fisheries and Oceans. |
| 245 | 10|aStock assessment of Georges Bank (5Zhjmn) yellowtail flounder for 2005 / |h[electronic resource]|c[by] Heath H. Stone and Christopher M. Legault. |
| 260 | |aOttawa - Ontario : |bFisheries and Oceans Canada |
| 300 | |a86p.|bgraphs, maps, references, tables |
| 490 | 1 |aTransboundary Resource Assessment Committee reference document|v2005/04 |
| 546 | |a(Résumé en français) |
| 590 | |a14-10-Supp|b2014-05-08 |
| 830 | #0|aTransboundary Resource Assessment Committee reference document ;|v2005/04|w(CaOODSP)9.507742 |
| 856 | 40|ahttp://publications.gc.ca|qPDF|s1.60 MB|uhttps://publications.gc.ca/collections/collection_2014/mpo-dfo/Fs3-5-2005-04-eng.pdf|y2005/04 |